00725nam a2200205 a 450000100100000000500170001000800410002702000150006804000250008308200150010810000270012324500740015026000530022430000210027749000160029850000520031483000230036695201130038999900170050200004185720201002035808.0131018s1986 mx 000 0 spa d a9681603206 aDO-SdBNPbspacBNPHU axxxxbxxxx1 aAzuela, Mariano94214714aLos de abajo :bnovela de la revolución mexicana /cMariano Azuela. aMéxico :bFondo de cultura económica,c1986. a140 p. ;c17 cm.1 aPopularv13 aLa biblioteca posee la 26 reimpresión de 1987 0aPopularn13968743 001050718MOaGRbGRcHDd2013-10-18iLF1l0oxxxx xxxxp41857-10r2020-06-25w2020-06-25y1ZNo se presta c41346d41346